Procedure of sporadic land registration on sangkat kep krong kep cambodia, នីតិវិធីនៃការចុះបញ្ជីដីធ្លីមានលក្ខណៈដាច់ដោយដុំនៅសង្កាត់កែប និងសង្កាត់ព្រៃធំខណ្ឌកែប ក្រុងកែប (Record no. 5495)
[ view plain ]
| 000 -LEADER | |
|---|---|
| fixed length control field | 00714nam a22001577a 4500 |
| 003 - CONTROL NUMBER IDENTIFIER | |
| control field | OSt |
| 005 - DATE AND TIME OF LATEST TRANSACTION | |
| control field | 20151231160518.0 |
| 008 - FIXED-LENGTH DATA ELEMENTS--GENERAL INFORMATION | |
| fixed length control field | 151231b xxu||||| |||| 00| 0 eng d |
| 040 ## - CATALOGING SOURCE | |
| Transcribing agency | RUA |
| 082 ## - DEWEY DECIMAL CLASSIFICATION NUMBER | |
| Classification number | LMA NET 2006 B289 Or.1 |
| 100 ## - MAIN ENTRY--PERSONAL NAME | |
| 9 (RLIN) | 5894 |
| Personal name | NET, SOTHEARAK. |
| 245 ## - TITLE STATEMENT | |
| Title | Procedure of sporadic land registration on sangkat kep krong kep cambodia, នីតិវិធីនៃការចុះបញ្ជីដីធ្លីមានលក្ខណៈដាច់ដោយដុំនៅសង្កាត់កែប និងសង្កាត់ព្រៃធំខណ្ឌកែប ក្រុងកែប |
| 260 ## - PUBLICATION, DISTRIBUTION, ETC. (IMPRINT) | |
| Place of publication, distribution, etc. | Phnom Penh |
| Name of publisher, distributor, etc. | ill. |
| Date of publication, distribution, etc. | 29cm. |
| 300 ## - PHYSICAL DESCRIPTION | |
| Extent | viii; 52p. |
| Other physical details | ill. |
| Dimensions | 29cm. |
| 942 ## - ADDED ENTRY ELEMENTS (KOHA) | |
| Source of classification or shelving scheme | |
| Koha item type | LMA |
| Price effective from | Date last seen | Permanent Location | Not for loan | Date acquired | Source of classification or shelving scheme | Koha item type | Lost status | Withdrawn status | Date last checked out | Total Checkouts | Shelving location | Damaged status | Barcode | Current Location | Full call number |
|---|---|---|---|---|---|---|---|---|---|---|---|---|---|---|---|
| 2015-12-31 | 2016-10-05 | Library Block B | 2015-12-31 | LMA | 2016-06-27 | 1 | B289 | RUA020753 | Library Block B | LMA NET 2006 B289 Or.1 | |||||
| 2015-12-31 | 2015-12-31 | Library Block B | 2015-12-31 | LMA | B289 | RUA038425 | Library Block B | LMA NET 2006 B289 Or.2 | |||||||
| 2015-12-31 | 2015-12-31 | Library Block B | 2015-12-31 | LMA | B289 | RUA021037 | Library Block B | LMA NET 2006 B289 Or.3 | |||||||
| 2015-12-31 | 2015-12-31 | Library Block B | 2015-12-31 | LMA | B289 | RUA012028 | Library Block B | LMA NET 2006 B289 Or.4 | |||||||
| 2015-12-31 | 2024-11-18 | Library Block B | 2015-12-31 | LMA | 2024-07-08 | 2 | B289 | RUA012126 | Library Block B | LMA NET 2006 B289 Or.5 |